Datum a čas kvízu
27
Celkem bodů
Celkový počet nahraných bodů na tomto kvízu bez doplňovacích otázek.
8.
Pořadí na kvízu
Konečné umístění týmu na tomto kvízu.
Zaznamenané odpovědi
| # | Otázka | Odpověď | Body | Výsledky |
|---|---|---|---|---|
| 1. | Napište čtyři slova, jimiž něk... | Společnost pro podporu Ukrajiny | 0 | |
| 2. | Která velká evropská země schv... | Francie | 1 | |
| 3. | Která moderátorka oznámila, že... | Lucie Výborná | 0 | |
| 4. | Která značka představila minul... | Jawa | 1 | |
| 5. | Hokejový útočník Ondřej Palát... | New York Islanders | 0 | |
| 6. | Na obrázku níže můžete vidět d... | Drákula a Frankenstein | 0.5 | |
| 7. | Co by to bylo za hororové téma... | C | 0 | |
| 8. | Ze které (převážně videoherní)... | Silent Hill | 0 | |
| 9. | Přiřaďte herce a herečky k jej... | 1C 2D 3B 4A | 0 | |
| 10. | Čím je inspirován česko-americ... | D | 0 |